000
00316nam a22001337a 4500
008
210305b ||||| |||| 00| 0 eng d
020
_a
100465506540
041
_a
eng
080
_8
615
_a
615
_x
615
100
_a
5
101
_a
FAR
245
_a
Concepts of Chemical Dependency
_c
Harold E.Doweiko
942
_2
udc
_c
BK
999
_c
55799
_d
55799